00430nam a2200133Ia 4500003000900000008004100009040001600050080002500066245008900091260004800180300002700228650001900255700002200274IN-BaIIA211028s9999 xx 000 0 eng d cIIA Library a524.3-52(082.2)bSTA 0aStar formation 1999cedited by T. Nakamoto  aJapanbThe Nobeyama Radio Observatoryc1999 ags of the Ixxiv, 413p. aStar formation aNakamoto, T., ed.